|
|
|
|
| LEADER |
03972nam a22005775i 4500 |
| 001 |
978-3-540-77222-4 |
| 003 |
DE-He213 |
| 005 |
20151204185854.0 |
| 007 |
cr nn 008mamaa |
| 008 |
100301s2007 gw | s |||| 0|eng d |
| 020 |
|
|
|a 9783540772224
|9 978-3-540-77222-4
|
| 024 |
7 |
|
|a 10.1007/978-3-540-77222-4
|2 doi
|
| 040 |
|
|
|d GrThAP
|
| 050 |
|
4 |
|a QA76.76.O63
|
| 072 |
|
7 |
|a UL
|2 bicssc
|
| 072 |
|
7 |
|a COM046000
|2 bisacsh
|
| 082 |
0 |
4 |
|a 005.43
|2 23
|
| 245 |
1 |
0 |
|a Task Models and Diagrams for User Interface Design
|h [electronic resource] :
|b 6th International Workshop, TAMODIA 2007, Toulouse, France, November 7-9, 2007. Proceedings /
|c edited by Marco Winckler, Hilary Johnson, Philippe Palanque.
|
| 264 |
|
1 |
|a Berlin, Heidelberg :
|b Springer Berlin Heidelberg,
|c 2007.
|
| 300 |
|
|
|a XIII, 299 p.
|b online resource.
|
| 336 |
|
|
|a text
|b txt
|2 rdacontent
|
| 337 |
|
|
|a computer
|b c
|2 rdamedia
|
| 338 |
|
|
|a online resource
|b cr
|2 rdacarrier
|
| 347 |
|
|
|a text file
|b PDF
|2 rda
|
| 490 |
1 |
|
|a Lecture Notes in Computer Science,
|x 0302-9743 ;
|v 4849
|
| 505 |
0 |
|
|a 1: Keynote Speaker -- Modelling Activity Switching -- 2: Industrial Papers -- Agile Development of Workflow Applications with Interpreted Task Models -- MDA Applied: A Task-Model Driven Tool Chain for Multimodal Applications -- 3: Long Papers -- Extending a Dialog Model with Contextual Knowledge -- Practical Extensions for Task Models -- Towards Developing Task-Based Models of Creativity -- Articulating Interaction and Task Models for the Design of Advanced Interactive Systems -- A Survey of Model Driven Engineering Tools for User Interface Design -- From Task to Dialog Model in the UML -- Towards Method Engineering of Model-Driven User Interface Development -- Modeling Group Artifact Adoption for Awareness in Activity-Focused Co-located Meetings -- On the Benefit of Synergistic Model-Based Approach for Safety Critical Interactive System Testing -- Remote Evaluation of Mobile Applications -- Defining Task Oriented Components -- Patterns in Task-Based Modeling of User Interfaces -- Towards Activity Representations for Describing Task Dynamics -- A Framework for Light-Weight Composition and Management of Ad-Hoc Business Processes -- Model-Based User Interface Design in the Context of Workflow Models -- The WebTaskModel Approach to Web Process Modelling -- 4: Short Papers -- Exploring Usability Needs by Human-Computer Interaction Patterns -- From Task Model to Wearable Computer Configuration -- Generating Interactive Applications from Task Models: A Hard Challenge -- Investigating the Role of a Model-Based Boundary Object in Facilitating the Communication Between Interaction Designers and Software Engineers -- Looking for Unexpected Consequences of Interface Design Decisions: The MeMo Workbench -- Task Modelling for Collaborative Systems -- RenderXML – A Multi-platform Software Development Tool.
|
| 650 |
|
0 |
|a Computer science.
|
| 650 |
|
0 |
|a Software engineering.
|
| 650 |
|
0 |
|a Operating systems (Computers).
|
| 650 |
|
0 |
|a Computer logic.
|
| 650 |
|
0 |
|a Multimedia information systems.
|
| 650 |
|
0 |
|a User interfaces (Computer systems).
|
| 650 |
|
0 |
|a Computer simulation.
|
| 650 |
1 |
4 |
|a Computer Science.
|
| 650 |
2 |
4 |
|a Operating Systems.
|
| 650 |
2 |
4 |
|a User Interfaces and Human Computer Interaction.
|
| 650 |
2 |
4 |
|a Multimedia Information Systems.
|
| 650 |
2 |
4 |
|a Software Engineering.
|
| 650 |
2 |
4 |
|a Simulation and Modeling.
|
| 650 |
2 |
4 |
|a Logics and Meanings of Programs.
|
| 700 |
1 |
|
|a Winckler, Marco.
|e editor.
|
| 700 |
1 |
|
|a Johnson, Hilary.
|e editor.
|
| 700 |
1 |
|
|a Palanque, Philippe.
|e editor.
|
| 710 |
2 |
|
|a SpringerLink (Online service)
|
| 773 |
0 |
|
|t Springer eBooks
|
| 776 |
0 |
8 |
|i Printed edition:
|z 9783540772217
|
| 830 |
|
0 |
|a Lecture Notes in Computer Science,
|x 0302-9743 ;
|v 4849
|
| 856 |
4 |
0 |
|u http://dx.doi.org/10.1007/978-3-540-77222-4
|z Full Text via HEAL-Link
|
| 912 |
|
|
|a ZDB-2-SCS
|
| 912 |
|
|
|a ZDB-2-LNC
|
| 950 |
|
|
|a Computer Science (Springer-11645)
|